LEADER 01132nam--2200397---450- 001 990000958860203316 005 20050119124036.0 010 $a88-8252-016-1 035 $a0095886 035 $aUSA010095886 035 $a(ALEPH)000095886USA01 035 $a0095886 100 $a20020213d1994----km-y0itay0103----ba 101 $aita 102 $aIT 105 $a||||||||001yy 200 1 $aAlfabeti del cinema$fLiborio Termine 210 $aFirenze$cVallecchi$d1994 215 $a277 p$cill.$d22 cm 225 2 $aSaggi Vallecchi 410 $12001$aSaggi Vallecchi 606 0 $aCinematografo$xSaggi 676 $a791.43 700 1$aTERMINE,$bLiborio$0450161 801 0$aIT$bsalbc$gISBD 912 $a990000958860203316 951 $aXIII.2. 35(VARIE COLL. 215/44)$b122347 LM$cVARIE COLL. 959 $aBK 969 $aUMA 979 $aPATTY$b90$c20020213$lUSA01$h1330 979 $aPATTY$b90$c20020325$lUSA01$h1318 979 $c20020403$lUSA01$h1738 979 $aPATRY$b90$c20040406$lUSA01$h1706 979 $aCOPAT2$b90$c20050119$lUSA01$h1240 996 $aAlfabeti del cinema$9973514 997 $aUNISA LEADER 00992nam a22002291i 4500 001 991002932319707536 005 20030818181839.0 008 030925s1926 it |||||||||||||||||ita 035 $ab12356980-39ule_inst 035 $aARCHE-040452$9ExL 040 $aBiblioteca Interfacoltà$bita$cA.t.i. Arché s.c.r.l. Pandora Sicilia s.r.l. 100 1 $aParrella, Pietro$0187272 245 10$aNuovo aggruppamento semplice e razionale dei versi e delle strofe oraziane :$bcon un appendice sui carmi di Catullo /$cPietro Parrella 250 $a2. ed. 260 $aAquila :$bVecchioni,$c1926 300 $a1 v. ;$c24 cm 907 $a.b12356980$b02-04-14$c08-10-03 912 $a991002932319707536 945 $aLE002 Busta 43/10 (Fondo Ferretti)$g1$i2002000236654$lle002$o-$pE0.00$q-$rn$so $t0$u0$v0$w0$x0$y.i12761321$z08-10-03 996 $aNuovo aggruppamento semplice e razionale dei versi e delle strofe oraziane$9158341 997 $aUNISALENTO 998 $ale002$b08-10-03$cm$da $e-$fita$git $h0$i1 LEADER 01255nam 2200349 a 450 001 9910693388603321 005 20050630083928.0 035 $a(CKB)5470000002361646 035 $a(OCoLC)60776103 035 $a(EXLCZ)995470000002361646 100 $a20050503d2005 ua 0 101 0 $aeng 135 $aurmn|---||||| 181 $ctxt$2rdacontent 182 $cc$2rdamedia 183 $acr$2rdacarrier 200 10$aHomeland Security$b[electronic resource] $esuccesses and challenges in DHS's efforts to create an effective acquisition organization : report to congressional committees 210 1$a[Washington, D.C.] :$cU.S. Government Accountability Office,$d[2005] 300 $aTitle from title screen (viewed on May 3, 2005). 300 $a"March 2005." 300 $aPaper version available from: U.S. Government Accountability Office, 441 G St., NW, Rm. LM, Washington, D.C. 20548. 300 $a"GAO-05-179." 320 $aIncludes bibliographical references. 517 $aHomeland Security 606 $aGovernment purchasing$zUnited States 615 0$aGovernment purchasing 801 0$bGPO 801 1$bGPO 906 $aBOOK 912 $a9910693388603321 996 $aHomeland Security$91686681 997 $aUNINA